| 000 | 01003nam a2200217Ia 4500 | ||
|---|---|---|---|
| 999 |
_c39369 _d39369 |
||
| 001 | 5958 | ||
| 003 | GE_BSU | ||
| 005 | 20190829120754.0 | ||
| 008 | 181216s1961||||ge |||||||||||||| ||geo|| | ||
| 040 | _cGE_BSU | ||
| 041 | _ageo | ||
| 080 | _a910.4(569.4) + 821.353.1(092რუსთაველი) ა-13 | ||
| 100 |
_aაბაშიძე, ირაკლი _93740 |
||
| 245 |
_aპალესტინის დღიური / _cირაკლი აბაშიძე ; რედ.გ. წერეთელი ; მხატვ. ლ. გუდიაშვილი. |
||
| 264 |
_aთბილისი : _bლიტერატურული გაზეთის გამოცემა ; _c1961. |
||
| 300 |
_a61 გვ. ; _c21 სმ. |
||
| 653 | _aპალესტინის დღიური | ||
| 700 |
_aწერეთელი, გ. _eრედაქტორი _93818 |
||
| 700 |
_aგუდიაშვილი, ლ. _eმხარვარი _93819 |
||
| 942 |
_cBK _2udc |
||